[Event "TCh-NOR 2006-7"]
[Site "Oslo NOR"]
[Date "2007.03.10"]
[Round "8"]
[White "Tisdall,J"]
[Black "Kveinys,A"]
[Result "0-1"]
[WhiteElo "2430"]
[BlackElo "2544"]

1.Nf3 c5 2.c4 Nf6 3.g3 b6 4.Bg2 Bb7 5.O-O g6 6.b3 Bg7 7.Bb2 O-O 8.Nc3 e6
9.Qc2 Nc6 10.Rad1 Rc8 11.d4 cxd4 12.Nb5 d5 13.Nfxd4 Nxd4 14.Bxd4 a6 15.Na3 Qe7
16.Qb2 Rfe8 17.cxd5 Bxd5 18.e4 e5 19.Bxe5 Bxe4 20.Bxe4 Qxe5 21.Qxe5 Rxe5
22.Bb7 Rb8 23.Nc4 Re2 24.Bxa6 b5 25.Nd6 Rb6 26.Bc8 Bf8 27.Nb7 Rxa2 28.Rd8 Kg7
29.Rc1 Ra7 30.Nc5 Rc6 31.Ne6+ Rxe6 32.Bxe6 fxe6 33.Rc6 Kf7 34.Rb6 b4 35.Rdb8 Be7
36.R8b7 Ra1+ 37.Kg2 Nd5 38.Rc6 Rb1  0-1

[Event "71st ch-BUL"]
[Site "Pernik BUL"]
[Date "2007.03.12"]
[Round "3"]
[White "Pantev,V"]
[Black "Nikolov,Sas"]
[Result "0-1"]
[WhiteElo "2325"]
[BlackElo "2380"]

1.Nf3 c5 2.c4 Nf6 3.g3 b6 4.Bg2 Bb7 5.O-O g6 6.Nc3 Bg7 7.d4 cxd4 8.Qxd4 O-O
9.Qh4 d6 10.Bh6 Nbd7 11.Bxg7 Kxg7 12.Rac1 Rc8 13.b3 Rc5 14.Qd4 Qa8 15.Ne1 Bxg2
16.Nxg2 Rfc8 17.Ne3 Kf8 18.f3 Qb7 19.Ned5 b5 20.Nxf6 Nxf6 21.Ne4 Rf5 22.Nxf6 Rxf6
23.cxb5 Rxc1 24.Rxc1 Qxb5 25.Kf2 Qa5 26.Qe3 Re6 27.Qh6+ Ke8 28.Qxh7 Kd7 29.Qh8 Qa6
30.Qb2 Re5 31.Qd2 Ke6 32.Rc2 Qb6+ 33.Kf1 Rd5 34.Qc1 Kf6 35.Rd2 Rc5 36.Qb2+ e5
37.Kg2 Qc6 38.Qb1 d5 39.Qd3 Ke6 40.Qe3 a5 41.h4 Qc7 42.h5 gxh5 43.Qh6+ f6
44.Qxh5 d4 45.g4 Qc6 46.Qf5+ Ke7 47.Qh7+ Ke6 48.a3 Rc1 49.Qf5+ Ke7 50.g5 Qe6
51.Qh7+ Kd6 52.gxf6 Qxf6 53.Kf2 Qg5  0-1

[Event "II Rapid"]
[Site "Canada de Calatrava ESP"]
[Date "2007.04.06"]
[Round "3"]
[White "Shchekachev,A"]
[Black "Sasikiran,K"]
[Result "0-1"]
[WhiteElo "2554"]
[BlackElo "2700"]

1.Nf3 Nf6 2.c4 b6 3.g3 c5 4.Bg2 Bb7 5.O-O g6 6.d4 cxd4 7.Qxd4 Bg7 8.Nc3 d6
9.Be3 Nbd7 10.Rac1 Rc8 11.b3 O-O 12.Qh4 a6 13.Rfd1 Re8 14.Bh3 Rc6 15.g4 Nf8
16.Ne5 Rc8 17.g5 N6d7 18.Ng4 b5 19.Bd4 bxc4 20.b4 e5 21.Be3 h5 22.Nf6+ Nxf6
23.Bxc8 Bxc8 24.gxf6 Be6 25.Ne4 d5 26.Rxc4 Nd7 27.Ng5 Bxf6 28.Rc6 d4 29.Bd2 Bd5
30.Rd6 Bb7 31.Qh3 Re7 32.Qb3 Qc7 33.Rxf6 Nxf6 34.Rc1 Qd7 35.Qg3 Qd5 36.f3 Qxa2
37.Qe1 e4 38.fxe4 Nxe4 39.Nxe4 Rxe4 40.Rc7 Qd5  0-1

[Event "8th ch-Euro"]
[Site "Dresden GER"]
[Date "2007.04.11"]
[Round "8"]
[White "Khenkin,I"]
[Black "Parligras,M"]
[Result "1/2-1/2"]
[WhiteElo "2629"]
[BlackElo "2522"]

1.Nf3 Nf6 2.c4 b6 3.g3 c5 4.Bg2 Bb7 5.O-O g6 6.Nc3 Bg7 7.d4 cxd4 8.Qxd4 d6
9.Rd1 Nbd7 10.Be3 Rc8 11.Rac1 O-O 12.Qh4 a6 13.b3 Rc7 14.g4 h6 15.g5 hxg5
16.Nxg5 Bxg2 17.Kxg2 Qa8+ 18.f3 Rfc8 19.Bd4 e5 20.Be3 b5 21.Nce4 d5 22.Nd6 d4
23.Nxc8 Qxc8 24.cxb5 dxe3 25.Rxc7 Qxc7 26.Qc4 Qxc4 27.bxc4 axb5 28.cxb5 Nb6
29.Rd8+ Bf8 30.Kf1 Kg7 31.Rb8 Nfd7 32.Rb7 Bb4 33.a4 Kf6 34.h4 Ke7 35.Ra7 f6
36.Nh7 Kf7 37.a5  1/2-1/2

[Event "8th ch-Euro"]
[Site "Dresden GER"]
[Date "2007.04.13"]
[Round "10"]
[White "Hera,I"]
[Black "Lopez Martinez,J"]
[Result "1-0"]
[WhiteElo "2477"]
[BlackElo "2563"]

1.Nf3 Nf6 2.g3 b6 3.Bg2 Bb7 4.O-O c5 5.c4 g6 6.Nc3 Bg7 7.d4 cxd4 8.Qxd4 d6
9.Rd1 Nbd7 10.Be3 Rc8 11.b3 a6 12.Rac1 O-O 13.Qh4 Re8 14.Bh3 Rb8 15.Bh6 Bxf3
16.Bxg7 Kxg7 17.exf3 b5 18.Bxd7 Qxd7 19.cxb5 axb5 20.Qd4 Qf5 21.Kg2 Kg8 22.Ne4 Nd7
23.Rc7 Nf8 24.Rxe7 Rxe7 25.Nf6+ Kh8 26.Nd7+ Re5 27.Nxb8 Ne6 28.Qxd6 Re2 29.Rd2 Re1
30.Rd1 Re2 31.Rd2 Re1 32.Qa3 Qg5 33.Qb2+ Kg8 34.h4 Qh5 35.Nd7 f5 36.Nf6+ Kh8
37.Nxh5+ Kg8 38.Nf6+ Kh8 39.Rd7  1-0

[Event "9th Open"]
[Site "Dubai UAE"]
[Date "2007.04.23"]
[Round "2"]
[White "Megaranto,S"]
[Black "Lalith,B"]
[Result "1-0"]
[WhiteElo "2530"]
[BlackElo "2320"]

1.Nf3 Nf6 2.c4 b6 3.g3 c5 4.Bg2 Bb7 5.O-O g6 6.d3 Bg7 7.e4 d6 8.Nc3 O-O 9.h3 Nc6
10.Bg5 Nd7 11.Qd2 Nde5 12.Nh2 Nd4 13.Rae1 Qd7 14.f4 Nec6 15.Ng4 f6 16.Bh4 h6
17.Nd5 g5 18.fxg5 hxg5 19.Bxg5 fxg5 20.Qxg5 Ne6 21.Qh4 Rxf1+ 22.Rxf1 Rf8
23.Rf5 Qe8 24.Rh5 Bd4+ 25.Kh2 Qg6 26.Nh6+ Kg7 27.Nf5+ Kf7 28.Rh7+ Ng7 29.Nf4 Qf6
30.Qh5+  1-0

[Event "TCh-RUS HL"]
[Site "Sochi RUS"]
[Date "2007.05.07"]
[Round "5"]
[White "Ogloblin,N"]
[Black "Glotov,M"]
[Result "1-0"]
[WhiteElo "2384"]
[BlackElo "2271"]

1.Nf3 Nf6 2.c4 c5 3.g3 b6 4.Bg2 Bb7 5.O-O g6 6.Nc3 Bg7 7.d4 cxd4 8.Qxd4 d6
9.Rd1 Nbd7 10.Be3 O-O 11.Qh4 Rc8 12.Rac1 a6 13.b3 Rc7 14.g4 Qa8 15.g5 Ne4
16.Nd5 Bxd5 17.Rxd5 Nec5 18.Bd4 Ne6 19.Bxg7 Nxg7 20.Nd2 Qb8 21.Rc3 Rd8 22.Nf1 Rc5
23.Rh3 Nf8 24.Ne3 Qc8 25.Ng4 Nf5 26.Nh6+ Nxh6 27.gxh6 Re8 28.Re3 Ne6 29.Qg3 b5
30.Rxc5 Qxc5 31.Bd5 Nd4 32.Qg5 e6 33.h4 Nf5 34.Rf3 Qd4 35.Bc6 Rc8 36.Bb7 Rb8
37.Bxa6 bxc4 38.Bxc4 Rc8 39.Rf4 Qa1+ 40.Kg2 Re8 41.e4 f6 42.Qg4 Nxh6 43.Qe2 Kg7
44.a4 Nf7 45.Qd2 h6 46.Rf3 g5 47.Qc3 Qxc3 48.Rxc3 Rc8 49.Rg3 Re8 50.hxg5 hxg5
51.a5 Ne5 52.Be2 Ng6 53.Kg1 Nf4 54.Bf1 Rc8 55.b4 Rc1 56.Re3 d5 57.exd5 exd5
58.a6 d4 59.Re7+ Kg6 60.a7 Ra1 61.Rd7 d3 62.b5 Kf5 63.b6 Ne2+ 64.Kg2 Nf4+
65.Kh2 Rxf1 66.a8=Q Kg4 67.Rxd3 Rxf2+ 68.Kg1 Rb2 69.Qf3+  1-0

[Event "TCh-RUS HL"]
[Site "Sochi RUS"]
[Date "2007.05.10"]
[Round "8"]
[White "Pigusov,E"]
[Black "Novik,M"]
[Result "1/2-1/2"]
[WhiteElo "2556"]
[BlackElo "2466"]

1.Nf3 c5 2.c4 Nf6 3.g3 b6 4.Bg2 Bb7 5.O-O g6 6.Nc3 Bg7 7.d4 cxd4 8.Qxd4 d6
9.Rd1 Nbd7 10.Be3 Rc8 11.b3 a6 12.Rac1 O-O 13.Qd2 Re8 14.Bh3 Rc7 15.Bh6 Bh8
16.Ng5 Qb8 17.Ne6 Rcc8 18.Nf4 Rcd8 19.Bg5 Nc5 20.Bxf6 Bxf6 21.Nfd5 Bxd5 22.Nxd5 Bg7
23.b4 Na4 24.Qc2 Nb2 25.Rd2 e6 26.Ne3 b5 27.Qb3 Nxc4 28.Nxc4 bxc4 29.Rxc4 d5
30.Rc6 Rc8 31.Rxa6 Bc3 32.Rc2 Qxb4 33.Qxb4 Bxb4 34.Rxe6 Rxc2 35.Rxe8+ Kg7
36.a4 Ra2 37.Bd7 d4 38.Re5 Bc3 39.Re7 d3 40.exd3 Bd4 41.Bb5 Rxf2 42.Rd7 Be3
43.Bc4 h5 44.h4 Kh6 45.a5 Ra2+ 46.Kh1 Rxa5 47.Rxf7 g5 48.Re7 Bd4 49.Rd7 Bf6
50.Rd6 Kg7 51.Rd7+ Kh6  1/2-1/2

[Event "Spring Open"]
[Site "Uzhgorod UKR"]
[Date "2007.05.26"]
[Round "4"]
[White "Svana,P"]
[Black "Molnar,P SVK"]
[Result "1-0"]
[WhiteElo "2162"]
[BlackElo "2353"]

1.Nf3 c5 2.c4 Nf6 3.g3 b6 4.Bg2 Bb7 5.O-O g6 6.Nc3 Bg7 7.d4 cxd4 8.Qxd4 d6
9.e4 O-O 10.Qe3 Nbd7 11.Qe2 Rc8 12.Bd2 Re8 13.Rfd1 Qc7 14.b3 a6 15.Rac1 Qb8
16.Ne1 e6 17.Bf4 Bf8 18.Qd2 Ne5 19.Bh6 Be7 20.h3 Red8 21.Be3 Ba8 22.Nd3 Ned7
23.Nf4 Nc5 24.f3 Ncd7 25.Qf2 b5 26.cxb5 axb5 27.Bf1 b4 28.Na4 d5 29.Ba7 Qd6
30.Rxc8 Rxc8 31.exd5 Nxd5 32.Nxd5 Bxd5 33.Bc4 Qc6 34.Bxd5 exd5 35.Bd4 Bf6
36.Kg2 h5 37.h4 Re8 38.Bxf6 Nxf6 39.Rd2 Qa6 40.Nc5 Qc6 41.Qd4 Qb6 42.Qf2 Qc6
43.Nd3 Qc3 44.Nf4 Qc6 45.Qd4 Qd6 46.Kf2 Rd8 47.Rc2 Rb8 48.Qc5 Qe5 49.Re2 Qf5
50.Kg2 Rb7 51.Qd4 Kh7 52.Nd3 Rc7 53.Nxb4 Rc1 54.Qd3 Qd7 55.Qe3 Rc7 56.Qf4 Kg7
57.Qd4 Qb5 58.Rf2 Rd7 59.a4  1-0

[Event "TCh-BIH"]
[Site "Vogosca BIH"]
[Date "2007.06.08"]
[Round "7"]
[White "Stojanovic,Mih"]
[Black "Nikolic,Pr"]
[Result "1/2-1/2"]
[WhiteElo "2588"]
[BlackElo "2631"]

1.Nf3 Nf6 2.c4 b6 3.g3 c5 4.Bg2 Bb7 5.O-O g6 6.b3 Bg7 7.Bb2 O-O 8.Nc3 Ne4
9.Qc2 Nxc3 10.Bxc3 Bxc3 11.Qxc3 Nc6 12.d4 Nxd4 13.Nxd4 cxd4 14.Qxd4 Bxg2
15.Kxg2  1/2-1/2

[Event "Atlantis Meestertienkamp"]
[Site "Groningen NED"]
[Date "2007.06.14"]
[Round "6"]
[White "Van Beek,Al"]
[Black "Hoeksema,E"]
[Result "1/2-1/2"]
[WhiteElo "2386"]
[BlackElo "2369"]

1.Nf3 Nf6 2.c4 b6 3.g3 c5 4.Bg2 Bb7 5.O-O g6 6.Nc3 Bg7 7.d4 cxd4 8.Qxd4 d6
9.Rd1 Nbd7 10.Be3 Rc8 11.Rac1 a6 12.b3 O-O 13.Qh4 Rc7 14.Ne1 Qa8 15.Bxb7 Qxb7
16.Nd3 Re8 17.Nb4 Rcc8 18.Nbd5 b5 19.cxb5 axb5 20.Qb4 Nxd5 21.Nxd5 Rxc1 22.Bxc1 Nf6
23.Nxf6+ Bxf6 24.a4 Rb8 25.a5 Rc8 26.Be3  1/2-1/2

[Event "XXV Open"]
[Site "Novi Becej SRB"]
[Date "2007.06.14"]
[Round "6"]
[White "Borkovic,D"]
[Black "Petkovski,S"]
[Result "1-0"]
[WhiteElo "2148"]
[BlackElo "2080"]

1.Nf3 c5 2.g3 b6 3.Bg2 Bb7 4.O-O Nf6 5.c4 g6 6.Nc3 Bg7 7.d4 cxd4 8.Nxd4 Bxg2
9.Kxg2 O-O 10.e4 Nc6 11.Be3 Rc8 12.Nde2 Ng4 13.Bf4 d6 14.f3 Nge5 15.b3 Nb4
16.Qd2 Na6 17.Rad1 Nc5 18.Be3 Ned3 19.Nf4 Ne5 20.Nfd5 Qd7 21.Nb5 Qb7 22.Qe2 f5
23.exf5 Rxf5 24.Bxc5 dxc5 25.Qe4 Kh8 26.f4 Nc6 27.Ne3 Rff8 28.h4 a6 29.Na3 Rcd8
30.h5 gxh5 31.Rh1 Rxd1 32.Nxd1 Qd7 33.Rxh5 h6 34.Rd5 Qg4 35.Nf2 Qc8 36.Nc2 Qc7
37.Rh5 e5 38.f5 Qf7 39.g4 Nd4 40.Ne3 Ne2 41.Nd5 Nf4+ 42.Nxf4 exf4 43.Qxf4 Kg8
44.Rh3 Rd8 45.Rd3 Qb7+ 46.Qf3 Qxf3+ 47.Kxf3 Rd4 48.Rxd4 Bxd4 49.Ne4 Kg7 50.Ke2 b5
51.cxb5 axb5 52.a4 bxa4 53.bxa4  1-0

[Event "XXV Andorra Open"]
[Site "Andorra la Vella AND"]
[Date "2007.07.06"]
[Round "7"]
[White "Strikovic,A"]
[Black "Lopez Martinez,J"]
[Result "0-1"]
[WhiteElo "2563"]
[BlackElo "2563"]

1.c4 c5 2.Nf3 Nf6 3.g3 b6 4.Bg2 Bb7 5.O-O g6 6.b3 Bg7 7.Bb2 O-O 8.d4 cxd4
9.Qxd4 d6 10.Nc3 Nbd7 11.Rfd1 a6 12.Rac1 Re8 13.Qf4 Rc8 14.Ba1 Rc5 15.b4 Rc7
16.Nd5 Nxd5 17.cxd5 Bxa1 18.Rxa1 Nf6 19.e4 Rc4 20.Nd4 Rxb4 21.Rac1 Qd7 22.Nc6 Rb5
23.a4 Rc5 24.Rb1 Bxc6 25.dxc6 Qxc6 26.e5 Nd5 27.Qd2 e6 28.exd6 Qxd6 29.h4 Rec8
30.h5 Rc2 31.Qe1 Qc5 32.Bxd5 exd5 33.h6 g5 34.Rd2 Rc1 35.Rd1 Rxb1 36.Rxb1 Qd6
37.Qd2 Qxh6 38.Qxd5 Qg6 39.Re1 h6 40.Qb7 Qc6 41.Qxa6 Ra8 42.Qb5 Qxb5 43.axb5 Ra5
44.Re5 Kg7 45.Kg2 Kf6 46.Rd5 Ke6 47.Rd8 Rxb5 48.Rh8 Rc5 49.Rxh6+ f6 50.Rh8 Rc6
51.Kf3 Kd5 52.Ke3 Kc4 53.Rh1 Rd6 54.Rc1+ Kb3 55.Rb1+ Kc2 56.Rb5 Kc3 57.Rb1 Re6+
58.Kf3 Kc4 59.Rc1+ Kd5 60.Rb1 Kc6 61.Rc1+ Kb7 62.Rb1 Re5 63.Kg4 b5 64.Kh5 Kb6
65.Kg6 Re6 66.Kf7 Rc6 67.Kg6 Kc5 68.f4 gxf4 69.gxf4 b4 70.f5 Rb6 71.Kf7 b3
72.Rb2 Kd4  0-1

[Event "WGM"]
[Site "Bad Homburg GER"]
[Date "2007.07.07"]
[Round "2"]
[White "Mader,Ma"]
[Black "Zhao Xue"]
[Result "0-1"]
[WhiteElo "2204"]
[BlackElo "2500"]

1.Nf3 Nf6 2.c4 b6 3.g3 c5 4.Bg2 Bb7 5.O-O g6 6.b3 Bg7 7.Bb2 O-O 8.d4 cxd4
9.Nxd4 Bxg2 10.Kxg2 d5 11.Na3 Na6 12.Kg1 Qd7 13.Ndb5 Qh3 14.Bxf6 Bxf6 15.Rc1 dxc4
16.Rxc4 Rfd8 17.Qc2 Nc5 18.b4 Ne6 19.Nc7 Nxc7 20.Rxc7 Rd4 21.Nb5 Rxb4 22.Nxa7 Kg7
23.a3 Rb2 24.Qd3 Qe6 25.e3 Rb3 26.Qa6 Rd8 27.Rc6 Rd6 28.Rxd6 Qxd6 29.a4 h5
30.a5 Qc7 31.axb6 Rxb6 32.Qa5 Qb7 33.Nc8 Rc6 34.Na7 Ra6  0-1

[Event "FSIMA July"]
[Site "Budapest HUN"]
[Date "2007.07.15"]
[Round "9"]
[White "Vegh,E"]
[Black "Petran,Pa"]
[Result "1/2-1/2"]
[WhiteElo "2313"]
[BlackElo "2369"]

1.Nf3 Nf6 2.c4 c5 3.g3 b6 4.Bg2 Bb7 5.O-O g6 6.b3 Bg7 7.Bb2 O-O 8.Nc3 d5
9.cxd5 Nxd5 10.Qc1 Nc6 11.Nxd5 Qxd5 12.Bxg7 Kxg7 13.Qc3+  1/2-1/2

[Event "FSIMB August"]
[Site "Budapest HUN"]
[Date "2007.08.14"]
[Round "9"]
[White "Balog,M"]
[Black "Magyar,O"]
[Result "1-0"]
[WhiteElo "2262"]
[BlackElo "2304"]

1.Nf3 Nf6 2.g3 b6 3.Bg2 Bb7 4.O-O c5 5.c4 g6 6.Nc3 Bg7 7.d4 cxd4 8.Qxd4 d6
9.Rd1 Nbd7 10.Be3 O-O 11.Qh4 Rc8 12.Rac1 a6 13.b3 Re8 14.Bh3 Rb8 15.g4 b5
16.g5 Bxf3 17.exf3 Ne5 18.Bg2 bxc4 19.gxf6 Bxf6 20.Bg5 Bxg5 21.Qxg5 cxb3
22.axb3 Rxb3 23.f4 Nd7 24.Bc6 Ra3 25.Nd5 Ra5 26.Qg4 f5 27.Qe2  1-0

[Event "RC Sport Open"]
[Site "Ceska Trebova CZE"]
[Date "2007.08.15"]
[Round "7"]
[White "Rojicek,V"]
[Black "Grandelius,N"]
[Result "1-0"]
[WhiteElo "2354"]
[BlackElo "2271"]

1.Nf3 Nf6 2.c4 b6 3.g3 c5 4.Bg2 Bb7 5.O-O g6 6.Nc3 Bg7 7.Re1 Ne4 8.Qc2 Nxc3
9.dxc3 O-O 10.Bf4 d6 11.Rad1 Nd7 12.e4 Qc7 13.Bc1 a6 14.Nd2 b5 15.Nf1 b4
16.Bd2 bxc3 17.Bxc3 Ne5 18.Ne3 Nc6 19.Nd5 Qd8 20.e5 Kh8 21.exd6 exd6 22.Bxg7+ Kxg7
23.Qc3+ Nd4 24.Rxd4 cxd4 25.Qxd4+ Kh6 26.Re4 g5 27.h4 Bxd5 28.hxg5+ Kg6 29.cxd5 f6
30.Rh4 h5 31.Qe4+ Kg7 32.Rxh5 Rh8 33.gxf6+ Qxf6 34.Qg4+  1-0

[Event "Acropolis Open"]
[Site "Athens GRE"]
[Date "2007.08.16"]
[Round "3"]
[White "Sioris,G"]
[Black "Zografos,A"]
[Result "1/2-1/2"]
[WhiteElo "2229"]
[BlackElo "2201"]

1.Nf3 c5 2.g3 b6 3.Bg2 Bb7 4.O-O Nf6 5.c4 g6 6.Nc3 Bg7 7.Re1 d6 8.e4 Nbd7
9.d4 cxd4 10.Nxd4 Qc8 11.Bg5 O-O  1/2-1/2

[Event "Petrovskaya Ladya IM2"]
[Site "Peterhof RUS"]
[Date "2007.08.17"]
[Round "7"]
[White "Pogromsky,M"]
[Black "Zacurdajev,M"]
[Result "1/2-1/2"]
[WhiteElo "2415"]
[BlackElo "2384"]

1.Nf3 Nf6 2.c4 c5 3.g3 b6 4.Bg2 Bb7 5.O-O g6 6.d4 cxd4 7.Qxd4 Bg7 8.Nc3 Nc6
9.Qh4 h6 10.Nd4 Qc8 11.Nxc6 dxc6 12.Rd1 g5 13.Qd4 O-O 14.Qe3 Qc7  1/2-1/2

[Event "VIII Open"]
[Site "Tarragona ESP"]
[Date "2007.08.26"]
[Round "9"]
[White "Djingarova,E"]
[Black "Fernandez Fuentes,F"]
[Result "1-0"]
[WhiteElo "2266"]
[BlackElo "2158"]

1.Nf3 Nf6 2.g3 b6 3.Bg2 Bb7 4.O-O c5 5.c4 g6 6.Nc3 Bg7 7.d4 cxd4 8.Qxd4 O-O
9.Qh4 d6 10.Bh6 Nbd7 11.Rac1 Rc8 12.b3 Rc5 13.Bxg7 Kxg7 14.Rfd1 Qa8 15.Ne1 a6
16.a4 Rfc8 17.Qd4 Kg8 18.Rb1 R5c7 19.Bh3 Rb8 20.Qe3 Nc5 21.f3 Bc8 22.Bxc8 Rbxc8
23.Nc2 Qb7 24.Nb4 Re8 25.Nbd5 Nxd5 26.Nxd5 Rcc8 27.Rd4 Ne6 28.Rh4 b5 29.axb5 axb5
30.Rf1 Nf8 31.Re4 Ne6 32.f4 bxc4 33.bxc4 Qa6 34.Rc1 Kg7 35.g4 Nc5 36.Rxe7 Rxe7
37.Qxe7 Rb8 38.f5 Qa3 39.Rf1 Nb3  1-0

[Event "27th Open"]
[Site "Bratto ITA"]
[Date "2007.08.31"]
[Round "9"]
[White "Bruno,Fabi"]
[Black "Cebalo,M"]
[Result "0-1"]
[WhiteElo "2443"]
[BlackElo "2533"]

1.Nf3 Nf6 2.c4 c5 3.g3 b6 4.Bg2 Bb7 5.O-O g6 6.Nc3 Bg7 7.d4 cxd4 8.Qxd4 d6
9.Rd1 Nbd7 10.b3 O-O 11.Qh4 Rc8 12.Bh6 Bxf3 13.Bxf3 Re8 14.Bxg7 Kxg7 15.Qd4 Qc7
16.Nd5 Qc5 17.Qb2 a5 18.a3 a4 19.bxa4 Qxc4 20.Nxf6 Nxf6 21.Qxb6 Qxa4 22.Rd4 Qc2
23.a4 Rb8 24.Qc6 Qb2 25.Rdd1 Rec8 26.Qa6 d5 27.Qd3 Rb3 28.Qd4 e5 29.Qxb2 Rxb2
30.Re1 e4 31.Bg2 Ra8 32.e3 Ra5 33.Bf1 Ng4 34.Re2 Rb4 35.Rea2 Ne5 36.Bb5 Kf6
37.Kg2 g5 38.h3 h5 39.Kf1 Nc4 40.Ke1 Ke5 41.Kd1 Nd6 42.Be2 h4 43.gxh4 gxh4
44.Kc2 d4 45.exd4+ Kxd4 46.Ra3 f5 47.Rd1+ Ke5 48.Rda1 f4 49.Rg1 f3 50.Rg5+ Nf5
51.Bd1 Rbxa4 52.Rxa4 Rxa4 53.Kd2 Ra2+ 54.Bc2 Rxc2+ 55.Kxc2 e3 56.fxe3 f2
57.e4 Kxe4  0-1

[Event "XV Open"]
[Site "Albacete ESP"]
[Date "2007.09.06"]
[Round "8"]
[White "Pogorelov,R"]
[Black "Guerra Bastida,D"]
[Result "1-0"]
[WhiteElo "2453"]
[BlackElo "2370"]

1.Nf3 Nf6 2.c4 b6 3.g3 c5 4.Bg2 Bb7 5.O-O g6 6.Nc3 Bg7 7.d4 cxd4 8.Qxd4 d6
9.Be3 Nbd7 10.Rac1 Rc8 11.b3 O-O 12.Qh4 a6 13.Rfd1 Rc7 14.Bh3 Qb8 15.g4 e6
16.g5 Ne8 17.Bd4 Qa8 18.Bxg7 Nxg7 19.Rxd6 Bxf3 20.exf3 Ne5 21.Qe4 Nxf3+ 22.Kh1 Nf5
23.Bxf5 gxf5 24.Qxa8 Rxa8 25.Rxb6 Rd7 26.c5 Rd2 27.Kg2 Ne5 28.c6 Rc8 29.Nb1 Rd6
30.Rxa6 Nd3 31.Rc4 e5 32.b4 e4 33.b5 Nf4+ 34.Kg3 Ne2+ 35.Kh4 Rd3 36.Ra3 Rd1
37.b6 Rxb1 38.b7 Rf8 39.Ra8 Nf4 40.Rxf8+ Kxf8 41.c7 Ng6+ 42.Kh3 Nf4+ 43.Kg3  1-0

[Event "3rd Geller mem Open A"]
[Site "Odessa UKR"]
[Date "2007.09.12"]
[Round "5"]
[White "Tobak,A"]
[Black "Lushenkov,M"]
[Result "1/2-1/2"]
[WhiteElo "2354"]
[BlackElo "2447"]

1.c4 c5 2.Nf3 Nf6 3.g3 b6 4.Bg2 Bb7 5.O-O g6 6.Nc3 Bg7 7.d3 d5 8.cxd5 Nxd5
9.Bd2 O-O 10.Qa4 e5 11.Rab1 Ne7 12.a3 a5 13.Qb3 Nd7 14.Bg5 h6 15.Bxe7 Qxe7
16.Nd2 Bxg2 17.Kxg2 Kh7 18.Nd5 Qe6 19.a4 f5 20.e4 Rab8 21.Nc4 h5 22.f3 f4
23.Qc2 Rf7 24.Kh1 Qc6 25.Qg2 Qe6 26.Rg1 fxg3 27.hxg3 Rxf3 28.Nce3 Bh6 29.Nc7 Qf7
30.Rbf1 Rf8 31.Rxf3 Qxf3 32.Qxf3 Rxf3 33.Rf1 Rxf1+ 34.Nxf1 Kg7 35.Nd5 Kf7
36.Nh2 Bc1 37.b3 Ke6 38.Kg2 g5 39.Nf3 Kd6 40.Kf2 Kc6 41.Ne7+ Kc7 42.Nd5+ Kb7
43.Ke2 g4 44.Nh4 Nf8 45.Nf5 Bg5 46.Nd6+ Ka6 47.Nc7+ Ka7 48.Nf7 Kb7 49.Nd5 Ne6
50.Nxg5 Nxg5 51.Nf6 Ne6 52.Nxh5 Nd4+ 53.Kd1 Nxb3 54.Nf6 c4 55.dxc4 Nc5 56.Nxg4 Nxa4
57.Nxe5 Nc3+ 58.Kc2 Nxe4 59.g4 Kc7 60.Kd3 Ng5 61.Kd4 Kd6 62.Nd3 Ne6+ 63.Kc3 Ng5
64.Kd4 Nf3+ 65.Kc3 Ne5 66.Nxe5 Kxe5 67.Kb3 Kf4 68.Ka4 Kxg4 69.c5  1/2-1/2

[Event "Open"]
[Site "Hoogeveen NED"]
[Date "2007.10.14"]
[Round "3"]
[White "Rooda,K"]
[Black "Grooten,H"]
[Result "0-1"]
[WhiteElo "2146"]
[BlackElo "2350"]

1.Nf3 Nf6 2.c4 b6 3.g3 c5 4.Bg2 Bb7 5.O-O g6 6.b3 Bg7 7.Bb2 O-O 8.e3 d6 9.d4 e6
10.Qe2 Nbd7 11.Rd1 Qc7 12.Nc3 a6 13.Rac1 Rac8 14.Nh4 cxd4 15.exd4 Bh6 16.f4 Bxg2
17.Nxg2 Rfe8 18.Qf3 Qb8 19.g4 Bg7 20.a4 Qa8 21.Qxa8 Rxa8 22.h3 Red8 23.Ba3 Bf8
24.Ne3 Rac8 25.Kg2 Nb8 26.Kf3 Nc6 27.d5 Na5 28.Rb1 e5 29.fxe5 dxe5 30.Bxf8 Kxf8
31.Ne4 Ne8 32.d6 Rc6 33.d7 Nc7 34.Rd3 Ne6 35.Nc2 f5 36.Nb4 fxe4+ 37.Kxe4 Nc5+  0-1

[Event "7th Rohde Open"]
[Site "Sautron FRA"]
[Date "2007.10.28"]
[Round "2"]
[White "Kosten,A"]
[Black "Bogner,S"]
[Result "0-1"]
[WhiteElo "2519"]
[BlackElo "2383"]

1.c4 Nf6 2.Nf3 b6 3.g3 Bb7 4.Bg2 c5 5.O-O g6 6.Nc3 Bg7 7.d4 cxd4 8.Qxd4 Nc6
9.Qh4 h6 10.Nd5 Rc8 11.Rd1 Na5 12.Nd2 b5 13.Ne3 Bxg2 14.Kxg2 Qb6 15.Kg1 O-O
16.c5 Qxc5 17.b4 Qe5 18.Rb1 Nc4 19.Nf3 Qe4 20.Nd5 Qxe2 21.Re1 Qxf3 22.Nxe7+ Kh7
23.Rb3 Qg4 24.Qxg4 Nxg4 25.Nxc8 Rxc8 26.Rd1 Re8 27.h3 Nf6 28.Be3 a6 29.Bd4 Re2
30.Rf3 Ne5 31.Ra3 d6 32.Rxa6 Ne4 33.Kf1 Rc2 34.Ra7 Kg8 35.Ra8+ Kh7 36.Ra7 Nd2+
37.Kg2 Nc6 38.Rxf7 Nxd4 39.Re1 Rc8 40.Ree7 Rg8 41.f4 Nc4 42.g4 Kh8 43.Kf2 Nc6
44.Rc7 Nxb4 45.h4 d5  0-1

[Event "ETCC w"]
[Site "Crete GRE"]
[Date "2007.10.29"]
[Round "2"]
[White "Papadopoulou,V"]
[Black "Schuurman,P"]
[Result "0-1"]
[WhiteElo "2218"]
[BlackElo "2281"]

1.Nf3 Nf6 2.c4 b6 3.g3 Bb7 4.Bg2 c5 5.O-O g6 6.b3 Bg7 7.Bb2 O-O 8.Na3 d6
9.d3 a6 10.e4 e5 11.Ne1 Nc6 12.f4 Nd4 13.Nac2 Ra7 14.Nxd4 cxd4 15.Ba3 Re8
16.Bh3 a5 17.Qf3 a4 18.b4 b5 19.fxe5 dxe5 20.c5 Bc8 21.Bxc8 Qxc8 22.Bc1 Rf8
23.Bg5 Ne8 24.Nc2 f6 25.Bd2 Raf7 26.Na3 Nc7 27.Rac1 Qe6 28.Rc2 f5 29.Re1 fxe4
30.Qxe4 Rf2 31.Re2 Qf7 32.Bc1 Rf1+ 33.Kg2 Rg1+ 34.Kh3 Qe6+ 35.Qg4 Rf5 36.Bg5 Rxg5
37.Qxe6+ Nxe6 38.Nxb5 Nf4+ 39.Kh4 Bf6  0-1

[Event "TCh-AUT 1st Bundesliga 2007-8"]
[Site "Baden AUT"]
[Date "2007.11.30"]
[Round "1"]
[White "Lipka,J"]
[Black "Stohl,I"]
[Result "1/2-1/2"]
[WhiteElo "2438"]
[BlackElo "2545"]

1.Nf3 Nf6 2.c4 b6 3.g3 c5 4.Bg2 Bb7 5.O-O g6 6.Nc3 Bg7 7.Re1 O-O 8.e4 Nc6
9.e5 Ne8 10.d4 Nxd4 11.Nxd4 Bxg2 12.Kxg2 cxd4 13.Qxd4 d6 14.Bf4 dxe5 15.Qxd8 Rxd8
16.Bxe5 Bxe5 17.Rxe5 e6 18.c5 Nf6 19.cxb6 axb6 20.Rb5 Rd6 21.Rd1 Rfd8 22.Rxd6 Rxd6  1/2-1/2

[Event "Bali Torneo de las Estrellas"]
[Site "Benidorm ESP"]
[Date "2007.12.07"]
[Round "3"]
[White "Malakhov,V"]
[Black "Fedorchuk,S"]
[Result "1-0"]
[WhiteElo "2690"]
[BlackElo "2645"]

1.Nf3 Nf6 2.c4 b6 3.g3 c5 4.Bg2 Bb7 5.O-O g6 6.Nc3 Bg7 7.d4 cxd4 8.Qxd4 d6
9.Be3 Nbd7 10.Rac1 Rc8 11.b3 O-O 12.Qh4 a6 13.Rfd1 Rc7 14.Bh6 Qb8 15.Bh3 b5
16.Nd5 Nxd5 17.cxd5 Rxc1 18.Rxc1 Nf6 19.Bxg7 Kxg7 20.e4 Bc8 21.Bg2 Bd7 22.Qf4 Rc8
23.Nd4 Qb6 24.Rxc8 Bxc8 25.e5 dxe5 26.Qxe5 Qc5 27.h4 Kg8 28.Bf3 Bg4 29.Bg2 Bd7
30.Qb8+ Kg7 31.Qf4 Qc3 32.Bf3 Qa1+ 33.Kg2 Qxa2 34.h5 Qa3 35.b4 Qc3 36.h6+ Kf8
37.Nc6 Ne8 38.Ne5 Bf5 39.g4 f6 40.Nc6 Bd7 41.Qb8 a5 42.bxa5 Bxc6 43.a6  1-0

[Event "Parsvnath ch-Commonwealth"]
[Site "New Delhi IND"]
[Date "2007.12.10"]
[Round "10"]
[White "Dhara,G"]
[Black "Lee,Ce"]
[Result "1/2-1/2"]
[WhiteElo "1858"]
[BlackElo "2004"]

1.Nf3 Nf6 2.c4 c5 3.g3 b6 4.Bg2 Bb7 5.O-O g6 6.b3 Bg7 7.Bb2 O-O 8.d3 d6 9.Na3 Nbd7
10.Nc2 Qc7 11.Rb1 d5 12.cxd5 Nxd5 13.Bxg7 Kxg7 14.Qd2 Rad8 15.Ne3 Nxe3 16.Qxe3 Bxf3
17.Bxf3 Qd6 18.Rfd1 e5 19.Qc1 Rfe8 20.Qc4 Nf8 21.a3 Ne6 22.b4 cxb4 23.Qxb4 Nd4
24.Qxd6 Nxf3+ 25.exf3 Rxd6 26.Kf1 Rc8 27.Ke2 Rc3 28.Ra1 f5 29.a4 a6 30.Rac1 Ra3  1/2-1/2

[Event "CERRADO IM"]
[Site "Mondariz-Balneario ESP"]
[Date "2008.01.03"]
[Round "7"]
[White "Frois,A"]
[Black "Vega Gutierrez,B"]
[Result "1-0"]
[WhiteElo "2354"]
[BlackElo "2085"]

1.Nf3 Nf6 2.c4 c5 3.g3 b6 4.Bg2 Bb7 5.O-O g6 6.Nc3 Bg7 7.d4 cxd4 8.Qxd4 d6
9.Be3 O-O 10.Qh4 Nbd7 11.Rac1 Rc8 12.Rfd1 Re8 13.b3 Qc7 14.Nd5 Qb8 15.Bg5 Qa8
16.e4 Nxe4 17.Nxe7+ Rxe7 18.Bxe7 Nc3 19.Rxc3 Bxc3 20.Ng5 h5 21.Qf4 f6 22.Qxd6 Bxg2
23.Qe6+ Kh8 24.Rxd7 Qc6 25.Bxf6+ Bxf6 26.Rh7+  1-0

[Event "Premier"]
[Site "Hastings ENG"]
[Date "2008.01.05"]
[Round "9"]
[White "Collins,S IRL"]
[Black "Neverov,V"]
[Result "0-1"]
[WhiteElo "2401"]
[BlackElo "2558"]

1.Nf3 Nf6 2.c4 b6 3.g3 Bb7 4.Bg2 c5 5.O-O g6 6.Nc3 Bg7 7.d4 Ne4 8.Nxe4 Bxe4
9.d5 O-O 10.Qb3 e6 11.Ng5 Bxg2 12.Kxg2 exd5 13.cxd5 Re8 14.Qf3 Qf6 15.Qxf6 Bxf6
16.Kf3 Na6 17.Rd1 Nb4 18.Ne4 Bg7 19.e3 Re5 20.Nc3 c4 21.g4 f5 22.g5 Rc8 23.a3 Nd3
24.Rb1 f4 25.exf4 Rf8 26.Kg3 Ref5 27.Ne4 Rxd5 28.Be3 Rc8 29.h4 Rc6 30.h5 a5
31.Nc3 Rf5 32.hxg6 hxg6 33.Kg4 d5 34.Ne2 Nxb2 35.Rh1 Nd3 36.Ng3 Rf7 37.Rbf1 d4
38.Bc1 c3 39.f5 gxf5+ 40.Nxf5 Ne5+ 41.Kf4 d3  0-1

[Event "TCh-AUT 1st Bundesliga 2007-8"]
[Site "Jenbach AUT"]
[Date "2008.01.12"]
[Round "6"]
[White "Moser,Gue"]
[Black "Kalod,R"]
[Result "0-1"]
[WhiteElo "2354"]
[BlackElo "2490"]

1.Nf3 Nf6 2.c4 c5 3.g3 b6 4.Bg2 Bb7 5.O-O g6 6.b3 Bg7 7.Bb2 O-O 8.d4 cxd4
9.Na3 d6 10.Bxd4 Nbd7 11.Rb1 a6 12.Nd2 Bxg2 13.Kxg2 Qb8 14.Kg1 Rd8 15.Nc2 Qb7
16.Ne3 Bh6 17.Ng2 d5 18.cxd5 Nxd5 19.Nf3 Rac8 20.Qe1 Rc2 21.a3 Rdc8 22.Qd1 e5
23.e4 exd4 24.exd5 Qxd5 25.Qxd4 Qxd4 26.Nxd4 Ra2 27.a4 Nc5 28.Nh4 Ne4 29.Rbe1 Nd2
30.Re2 Rd8 31.Nc6 Rd6 32.Ne7+ Kf8 33.Rfe1 Bg5 34.Kg2 Bxe7 35.Rxe7 Nxb3 36.Nf3 Rf6
37.Ra7 Nc5 38.h4 Nd3 39.Rf1 a5 40.Ra8+ Kg7 41.Rd8 Nc5 42.h5 Ra3 43.Ne5 gxh5
44.Kh3 Ne4 45.f3 Rf5 46.f4 h4 47.Nd3 hxg3 48.Kg4 Rf6 49.f5 g2 50.Rg1 Rxd3  0-1